header

A case study on the F-16 fly-by-wire flight control system (Record no. 121147)

MARC details
000 -LEADER
fixed length control field 01486nam a2200361 a 4500
100 1# - MAIN ENTRY--AUTHOR NAME
Personal name Droste, Carl S.
245 12 - TITLE STATEMENT
Title A case study on the F-16 fly-by-wire flight control system
260 ## - PUBLICATION, DISTRIBUTION, ETC. (IMPRINT)
Place of publication [New York] :
Name of publisher American Institute of Aeronautics and Astronautics,
Year of publication [1985?]
300 ## - PHYSICAL DESCRIPTION
Number of Pages vi, 113 p. :
Other physical details ill.
490 1# - SERIES STATEMENT
Series statement AIAA professional study series
650 #0 - SUBJECT ADDED ENTRY--TOPICAL TERM
Topical Term Flight control.
Topical Term F-16 (Jet fighter plane)
Topical Term Airplanes
700 1# - ADDED ENTRY--PERSONAL NAME
Personal name Walker, James E.
856 40 - ELECTRONIC LOCATION AND ACCESS
Uniform Resource Identifier http://site.ebrary.com/lib/rucke/Doc?id=10516614

No items available.

© 2026 Rongo University
Contact us: librarian | system librarian | Rongo university